| Поле | Название | Значение |
| |
Тип записи |
a |
| |
Библиографический уровень |
c |
| 001 |
Контрольный номер |
RU/IS/BASE/584813535 |
| 005 |
Дата корректировки |
20201206205138.8 |
| 010 |
Индекс ISBN |
__ |
| a |
ISBN |
978-5-386-09874-2 (в пер.) |
| d |
Цена |
434-21 |
| 100 |
Данные общей обработки |
__ |
| a |
Данные общей обработки |
19180713d2018||||||| 0rusy0189 ca |
| 101 |
Язык документа |
0_ |
| a |
Язык текста |
rus |
| 102 |
Страна публикации |
__ |
| a |
Страна публикации |
ru| |
| 105 |
Кодированные данные (монография) |
__ |
| a |
Кодированные данные (монография) |
#|||||||00|zy |
| 200 |
Заглавие и сведения об ответственности |
1_ |
| a |
Заглавие |
Попалась, которая кусалась |
| e |
Сведения, относящиеся к заглавию |
веселые рассказы : [для детей среднего школьного возраста] |
| f |
Первые сведения об ответственности |
Михаил Зощенко |
| b |
Общее обозначение материала |
Текст |
| 210 |
Выходные данные |
__ |
| a |
Место издания |
Москва |
| c |
Издательство |
РИПОЛ классик |
| d |
Дата издания |
2018 |
| 215 |
Физическое описание |
__ |
| a |
Объем |
218, [1] с. |
| d |
Формат |
22 см |
| 225 |
Серия |
__ |
| a |
Серия |
Веселые истории в школе и дома |
| 327 |
Примечание о содержании |
__ |
| a |
Примечание о содержании |
Умный гусь |
| 327 |
Примечание о содержании |
__ |
| a |
Примечание о содержании |
Умная кура |
| 327 |
Примечание о содержании |
__ |
| a |
Примечание о содержании |
Глупый вор и умный поросенок |
| 327 |
Примечание о содержании |
__ |
| a |
Примечание о содержании |
Вот какие бывают мышки |
| 327 |
Примечание о содержании |
__ |
| a |
Примечание о содержании |
Ученая обезьянка |
| 327 |
Примечание о содержании |
__ |
| a |
Примечание о содержании |
Умная белка |
| 327 |
Примечание о содержании |
__ |
| a |
Примечание о содержании |
Глупая история |
| 327 |
Примечание о содержании |
__ |
| a |
Примечание о содержании |
Показательный ребенок |
| 327 |
Примечание о содержании |
__ |
| a |
Примечание о содержании |
Умная Тамара |
| 327 |
Примечание о содержании |
__ |
| a |
Примечание о содержании |
Любимое занятие |
| 327 |
Примечание о содержании |
__ |
| a |
Примечание о содержании |
Кто ваши родители? |
| 330 |
Аннотация |
__ |
| a |
Аннотация |
В нашей книге вы найдете несколько самых известных циклов рассказов замечательного писателя Михаила Зощенко: "Умные животные", "Умные и хитрые", "Лёля и Минька" и другие. Узнаете, почему вор глупый, а поросенок - умный, какие бывают мышки, чем заканчиваются Великие путешествия. Юные читатели смогут посмеяться над их приключениями и даже вынести для себя несколько полезных уроков, ведь рассказы Зощенко справедливо считаются классикой золотого фонда детской литературы. |
| 333 |
Примечание о целевом назначении |
__ |
| a |
Примечание о целевом назначении |
12+. Для детей старше 12 лет |
| 606 |
Тематические рубрики |
__ |
| a |
Основная рубрика |
Художественная литература |
| 606 |
Тематические рубрики |
__ |
| a |
Основная рубрика |
Русская литература XX в. (произведения) |
| 610 |
Ключевые слова |
__ |
| a |
Ключевые слова |
детская литература |
| a |
Ключевые слова |
классическая литература |
| a |
Ключевые слова |
рассказы |
| a |
Ключевые слова |
советская литература |
| a |
Ключевые слова |
тема детей |
| a |
Ключевые слова |
тема детства |
| a |
Ключевые слова |
тема животных |
| a |
Ключевые слова |
тема приключений |
| a |
Ключевые слова |
тема юмора |
| 686 |
Индексы других классификаций |
__ |
| 2 |
Код системы |
rubbks |
| a |
Классификационный индекс |
84(2=411.2)6-4; ст84(2Рос=Рус)6-4 |
| 700 |
Автор |
_1 |
| a |
Фамилия |
Зощенко |
| b |
Имя |
М. М. |
| f |
Даты |
1894-1958 |
| g |
Полное личное имя |
Михаил Михайлович |
| 4 |
Код отношения |
070 |
| 801 |
Источник записи |
_0 |
| a |
Страна |
ru |
| b |
Организация |
Муниципальное бюджетное учреждение культуры "Централизованная библиотечная система" г. Сургут (Центральная городская библиотека им. А. С. Пушкина) |
| c |
Дата составления |
20180713 |
| g |
Правила каталогизации |
rpk |
| 801 |
Источник записи |
_1 |
| a |
Страна |
ru |
| b |
Организация |
Муниципальное бюджетное учреждение культуры "Централизованная библиотечная система" г. Сургут (Центральная городская библиотека им. А. С. Пушкина) |
| c |
Дата составления |
20180713 |
| g |
Правила каталогизации |
rpk |
| 852 |
Данные о местонахождении |
__ |
| j |
Шифр хранения |
84(2=411.2)6-4 |
| i |
Авторский знак |
З-88 |
| 901 |
Тип документа |
__ |
| t |
Тип документа |
x |
| a |
Ответственный |
КиК/Трушникова |
| 903 |
Характеристики (МАРС) |
__ |
| a |
Дата передачи |
20180713 |
| 969 |
Тип издания |
__ |
| a |
Тип издания |
издание для детей |
| 990 |
Данные о заказе (DOS) |
__ |
| j |
Количество экземпляров (DOS) |
6 |
| t |
N записи в КСУ для И/У (DOS) |
201808 |